| 000 | 00716cam a2200217 4500 | ||
|---|---|---|---|
| 005 | 20240313144847.0 | ||
| 008 | 240313t2009 000 0 eng u | ||
| 020 | _a9781847039583 | ||
| 041 | 0 | _aeng | |
| 050 | 0 | 4 | _a692.8 $2 18 |
| 110 | 2 |
_aJoint Contracts Tribunal _93664 |
|
| 240 | 0 | 0 | _aDB/G |
| 245 | 0 | 0 |
_aDB/G _bDesign and Build Sub-Contract Guide 2005, Revision 2009 |
| 260 |
_aLondon _bSweet and Maxwell Limited _c2009 |
||
| 300 |
_aii, 35p _c30cm. |
||
| 520 | _aProvides a guide to the JCT Design and Build Contract (2005 edition). Revision | ||
| 650 | 2 | 4 | _aJCT DESIGN AND BUILD CONTRACT (2005 EDITION) (REVISION 2009 |
| 651 | 4 | _aUnited Kingdom | |
| 690 |
_aConstruction management _96230 |
||
| 942 | _n0 | ||
| 999 |
_c121833 _d121833 |
||